Niels Bohr and the development of physics : (Record no. 69602)
[ view plain ]
| 000 -LEADER | |
|---|---|
| fixed length control field | 00896nam a2200265 a 4500 |
| 001 - CONTROL NUMBER | |
| control field | 69602 |
| 003 - CONTROL NUMBER IDENTIFIER | |
| rucl marc code | BD-RjUL |
| 005 - DATE AND TIME OF LATEST TRANSACTION | |
| control field | 20211209081915.0 |
| 008 - FIXED-LENGTH DATA ELEMENTS--GENERAL INFORMATION | |
| fixed length control field | 170412s1955 nyua b 010 0 eng d |
| 035 ## - SYSTEM CONTROL NUMBER | |
| System control number | (BD-RjUL)69814 |
| 040 ## - CATALOGING SOURCE | |
| Original cataloging agency | DLC/ICU |
| Transcribing agency | ICU |
| Modifying agency | BD-RjUL |
| Language of cataloging | eng |
| 041 ## - LANGUAGE CODE | |
| Language code of text/sound track or separate title | eng |
| 082 00 - DEWEY DECIMAL CLASSIFICATION NUMBER | |
| Edition number | 23 |
| Classification number | 530.1 |
| Author mark and year | NIE 1955 |
| 245 10 - TITLE STATEMENT | |
| Title | Niels Bohr and the development of physics : |
| Remainder of title | essays dedicated to Niels Bohr on the occasion of his seventieth birthday / |
| Statement of responsibility, etc. | Edited by W. Pauli with the assistance of L. Rosenfeld and V. Weisskopf. |
| 260 ## - PUBLICATION, DISTRIBUTION, ETC. (IMPRINT) | |
| Place of publication, distribution, etc. | New York : |
| Name of publisher, distributor, etc. | Pergamon Press, |
| Date of publication, distribution, etc. | 1955. |
| 300 ## - PHYSICAL DESCRIPTION | |
| Pagination | vii, 195 p. : |
| Illustrations | ill. ; |
| Size | 23 cm. |
| 504 ## - BIBLIOGRAPHY, ETC. NOTE | |
| Bibliography, etc | Includes bibliographies. |
| 600 10 - SUBJECT ADDED ENTRY--PERSONAL NAME | |
| Personal name | Bohr, Niels, |
| Dates associated with a name | 1885-1962. |
| 650 #0 - SUBJECT ADDED ENTRY--TOPICAL TERM | |
| Topical term or geographic name as entry element | Physics. |
| 9 (RLIN) | 206168 |
| 700 ## - ADDED ENTRY--PERSONAL NAME | |
| Personal name | Pauli, W. |
| Personal name | Rosenfeld, L. |
| Personal name | Weisskopf, V. |
| 942 ## - ADDED ENTRY ELEMENTS (KOHA) | |
| Source of classification or shelving scheme | Dewey Decimal Classification |
| Koha item type | Books |
| Lost status | Source of classification or shelving scheme | Damaged status | Not for loan | Collection code | Permanent Location | Current Location | Shelving location | Date acquired | Source of acquisition | Total Checkouts | Full call number | Date last seen | Copy number | Koha item type |
|---|---|---|---|---|---|---|---|---|---|---|---|---|---|---|
| Dewey Decimal Classification | Not For Loan | Non-fiction | Central Library, University of Rajshahi | Central Library, University of Rajshahi | Reading Room | 13/12/1962 | Zeitlinger | 530.1 NIE 1955 | 12/04/2017 | C-1 | Books |